Helena - Tout a changé (rien n'a changé) - Statistiques

Statistiques générales
  • Ce quiz a été pris 389 fois
  • Le résultat moyen est 251 sur 307
Statistiques - réponses
Paroles % Correct
à
98%
a
98%
la
95%
rien
94%
tu
94%
me
93%
que
93%
changé,
92%
changé
92%
connais
92%
même
92%
Même
92%
Refrain Tout
92%
tout
92%
fille
91%
Couplet 1 Je
91%
je
91%
toujours
91%
C'est
90%
c'est
90%
n'a
88%
si
87%
suis
87%
mon
85%
rire
85%
de
84%
m'a
84%
le
83%
comme
82%
pas
82%
reconnu
82%
ça
79%
on
79%
On
79%
ou
79%
sans
79%
un
78%
les
77%
bien
76%
moi
76%
Moi
76%
t'as
76%
te
76%
est
75%
j'suis
75%
quand
75%
se
75%
triste
75%
faite
73%
j'ai
73%
J'ai
73%
pour
73%
cette
72%
Dis-moi
72%
dis-moi
72%
Elle
72%
qu'on
72%
t'es
72%
viens
72%
appris
71%
avec
71%
être
71%
honnête
71%
livre
71%
ouvert
71%
petite
71%
une
71%
veux
71%
étoile
70%
grande
70%
mec
70%
au
69%
faire
69%
nos
69%
salle
69%
ton
69%
artifices
68%
café
68%
des
68%
nuit
68%
numéro
68%
peu
68%
tous
68%
sont
67%
d'égo
66%
d'paillette
66%
l'actrice
66%
manière
66%
revoir
66%
arrivera
65%
d'en
65%
enfin
65%
étoiles
65%
ira
65%
j'éclate
65%
allumer
64%
Couplet 2 Appelle
64%
bas
64%
détails
64%
devines
64%
l'histoire
64%
pourras
64%
retenir
64%
trouves
64%
bizarre
63%
car
63%
comètes
63%
dire
63%
j'veux
63%
soirées
63%
m'parleras
62%
savoir
62%
voulais
62%
t'arrives
61%
train
61%
j'sais
60%
plus
60%
premier
60%
pris
60%
s'racontera
60%
parfois
58%
nous
57%
n'veux
57%
séparent
56%
vies
55%
fards
44%
enfoui
41%
Aucun quiz correspondant
Distribution des résultats
% des personnes avec chaque résultat
Percentile par nombre de réponses
Votre historique - résultats
Vous n’avez pas pris ce quiz